<?xml version="1.0" encoding="UTF-8"?>
<record
    xmlns:xsi="http://www.w3.org/2001/XMLSchema-instance"
    xsi:schemaLocation="http://www.loc.gov/MARC21/slim http://www.loc.gov/standards/marcxml/schema/MARC21slim.xsd"
    xmlns="http://www.loc.gov/MARC21/slim">

  <leader>04884nam a2200493   4500</leader>
  <controlfield tag="003">EG-GICUC</controlfield>
  <controlfield tag="005">20260222122711.0</controlfield>
  <controlfield tag="008">260222s2025    ua ||||fr|||| 000 0 ara d</controlfield>
  <datafield tag="040" ind1=" " ind2=" ">
    <subfield code="a">EG-GICUC</subfield>
    <subfield code="c">EG-GICUC</subfield>
    <subfield code="d">EG-GICUC</subfield>
    <subfield code="e">rda</subfield>
    <subfield code="b">ara</subfield>
  </datafield>
  <datafield tag="041" ind1="0" ind2=" ">
    <subfield code="a">ara</subfield>
    <subfield code="d">ara</subfield>
    <subfield code="b">ara</subfield>
  </datafield>
  <datafield tag="049" ind1=" " ind2=" ">
    <subfield code="a">&#x625;&#x64A;&#x62F;&#x627;&#x639;</subfield>
  </datafield>
  <datafield tag="082" ind1="0" ind2="4">
    <subfield code="a">343.46</subfield>
    <subfield code="2">21</subfield>
  </datafield>
  <datafield tag="097" ind1=" " ind2=" ">
    <subfield code="a">Ph.D</subfield>
  </datafield>
  <datafield tag="099" ind1=" " ind2=" ">
    <subfield code="a">Law 10 PHD 2025</subfield>
  </datafield>
  <datafield tag="100" ind1="0" ind2=" ">
    <subfield code="a">&#x646;&#x648;&#x631;&#x647;&#x627;&#x646; &#x645;&#x62D;&#x645;&#x62F; &#x645;&#x62D;&#x645;&#x62F; &#x627;&#x644;&#x62F;&#x633;&#x648;&#x642;&#x64A; &#x627;&#x644;&#x634;&#x647;&#x627;&#x648;&#x64A;</subfield>
    <subfield code="e">&#x645;&#x624;&#x644;&#x641;.</subfield>
  </datafield>
  <datafield tag="245" ind1="1" ind2="0">
    <subfield code="a">&#x62C;&#x631;&#x627;&#x626;&#x645; &#x62A;&#x642;&#x646;&#x64A;&#x629; &#x627;&#x644;&#x645;&#x639;&#x644;&#x648;&#x645;&#x627;&#x62A; (&#x62F;&#x631;&#x627;&#x633;&#x629; &#x645;&#x642;&#x627;&#x631;&#x646;&#x629;) /</subfield>
    <subfield code="c">&#x625;&#x639;&#x62F;&#x627;&#x62F; &#x646;&#x648;&#x631;&#x647;&#x627;&#x646; &#x645;&#x62D;&#x645;&#x62F; &#x645;&#x62D;&#x645;&#x62F; &#x627;&#x644;&#x62F;&#x633;&#x648;&#x642;&#x64A; &#x627;&#x644;&#x634;&#x647;&#x627;&#x648;&#x64A;&#x61B; &#x625;&#x634;&#x631;&#x627;&#x641; &#x627;&#x644;&#x623;&#x633;&#x62A;&#x627;&#x630; &#x627;&#x644;&#x62F;&#x643;&#x62A;&#x648;&#x631; &#x623;&#x62D;&#x645;&#x62F; &#x639;&#x648;&#x636; &#x628;&#x644;&#x627;&#x644;.</subfield>
  </datafield>
  <datafield tag="264" ind1=" " ind2="0">
    <subfield code="a">&#x627;&#x644;&#x642;&#x627;&#x647;&#x631;&#x629; :</subfield>
    <subfield code="b">&#x643;&#x644;&#x64A;&#x629; &#x627;&#x644;&#x62D;&#x642;&#x648;&#x642; - &#x62C;&#x627;&#x645;&#x639;&#x629; &#x627;&#x644;&#x642;&#x627;&#x647;&#x631;&#x629;,</subfield>
    <subfield code="c">2025.</subfield>
  </datafield>
  <datafield tag="300" ind1=" " ind2=" ">
    <subfield code="a">462 &#x635;&#x641;&#x62D;&#x629; :</subfield>
    <subfield code="c">30 &#x633;&#x645;. </subfield>
  </datafield>
  <datafield tag="336" ind1=" " ind2=" ">
    <subfield code="a">text</subfield>
    <subfield code="2">rda content</subfield>
  </datafield>
  <datafield tag="337" ind1=" " ind2=" ">
    <subfield code="a">Computer</subfield>
    <subfield code="2">rda media</subfield>
  </datafield>
  <datafield tag="338" ind1=" " ind2=" ">
    <subfield code="a">Online Resource</subfield>
    <subfield code="2">rda carrier</subfield>
  </datafield>
  <datafield tag="502" ind1=" " ind2=" ">
    <subfield code="a"> &#x623;&#x637;&#x631;&#x648;&#x62D;&#x629; (&#x62F;&#x643;&#x62A;&#x648;&#x631;&#x627;&#x629;)-&#x62C;&#x627;&#x645;&#x639;&#x629; &#x627;&#x644;&#x642;&#x627;&#x647;&#x631;&#x629;&#x60C; &#x643;&#x644;&#x64A;&#x629; &#x627;&#x644;&#x62D;&#x642;&#x648;&#x642;&#x60C; &#x642;&#x633;&#x645; &#x627;&#x644;&#x642;&#x627;&#x646;&#x648;&#x646; &#x627;&#x644;&#x62C;&#x646;&#x627;&#x626;&#x64A;&#x60C; 2025.</subfield>
  </datafield>
  <datafield tag="504" ind1=" " ind2=" ">
    <subfield code="a">&#x64A;&#x634;&#x62A;&#x645;&#x644; &#x639;&#x644;&#x649; &#x625;&#x631;&#x62C;&#x627;&#x639;&#x627;&#x62A; &#x628;&#x64A;&#x628;&#x644;&#x64A;&#x648;&#x62C;&#x631;&#x627;&#x641;&#x64A;&#x629;: 393-449</subfield>
  </datafield>
  <datafield tag="520" ind1="3" ind2=" ">
    <subfield code="a">&#x62A;&#x646;&#x627;&#x648;&#x644;&#x62A; &#x627;&#x644;&#x628;&#x627;&#x62D;&#x62B;&#x629; &#x645;&#x648;&#x636;&#x648;&#x639; &#x62C;&#x631;&#x627;&#x626;&#x645; &#x62A;&#x646;&#x642;&#x64A;&#x629; &#x627;&#x644;&#x645;&#x639;&#x644;&#x648;&#x645;&#x627;&#x62A; &#x62F;&#x631;&#x627;&#x633;&#x629; &#x645;&#x642;&#x627;&#x631;&#x646;&#x629; &#x645;&#x646; &#x62E;&#x644;&#x627;&#x644; &#x62A;&#x642;&#x633;&#x64A;&#x645;&#x647;&#x627; &#x625;&#x644;&#x649; &#x645;&#x642;&#x62F;&#x645;&#x629; &#x648;&#x641;&#x635;&#x644; &#x62A;&#x645;&#x647;&#x64A;&#x62F;&#x64A; &#x648;&#x628;&#x627;&#x628;&#x628;&#x64A;&#x646; &#x631;&#x626;&#x64A;&#x633;&#x64A;&#x646; &#x648;&#x62E;&#x627;&#x62A;&#x645;&#x629;
&#x648;&#x642;&#x62F; &#x62A;&#x646;&#x627;&#x648;&#x644;&#x62A; &#x627;&#x644;&#x628;&#x627;&#x62D;&#x62B;&#x629; &#x641;&#x64A; &#x627;&#x644;&#x645;&#x642;&#x62F;&#x645;&#x629; &#x645;&#x648;&#x636;&#x648;&#x639; &#x627;&#x644;&#x62F;&#x631;&#x627;&#x633;&#x629; &#x62B;&#x645; &#x623;&#x648;&#x636;&#x62D;&#x62A; &#x623;&#x647;&#x645;&#x64A;&#x629; &#x62A;&#x644;&#x643; &#x627;&#x644;&#x62F;&#x631;&#x627;&#x633;&#x629; &#x648;&#x645;&#x646;&#x647;&#x62C; &#x627;&#x644;&#x62F;&#x631;&#x627;&#x633;&#x629; &#x648;&#x623;&#x62E;&#x64A;&#x631;&#x627; &#x62E;&#x637;&#x629; &#x627;&#x644;&#x62F;&#x631;&#x627;&#x633;&#x629; .
&#x648;&#x623;&#x645;&#x627; &#x639;&#x646; &#x627;&#x644;&#x641;&#x635;&#x644; &#x627;&#x644;&#x62A;&#x645;&#x647;&#x64A;&#x62F;&#x64A; : &#x641;&#x62A;&#x646;&#x627;&#x648;&#x644;&#x62A; &#x641;&#x64A;&#x647; &#x627;&#x644;&#x628;&#x627;&#x62D;&#x62B;&#x629; &#x645;&#x648;&#x636;&#x648;&#x639; &#x645;&#x627;&#x647;&#x64A;&#x629; &#x62C;&#x631;&#x627;&#x626;&#x645; &#x62A;&#x642;&#x646;&#x64A;&#x629; &#x627;&#x644;&#x645;&#x639;&#x644;&#x648;&#x645;&#x627;&#x62A; &#x648;&#x630;&#x644;&#x643; &#x641;&#x64A; &#x645;&#x628;&#x62D;&#x62B;&#x64A;&#x646; &#x639;&#x631;&#x636;&#x62A; &#x641;&#x64A; &#x627;&#x644;&#x645;&#x628;&#x62D;&#x62B; &#x627;&#x644;&#x623;&#x648;&#x644; : &#x627;&#x644;&#x62A;&#x639;&#x631;&#x64A;&#x641; &#x62C;&#x631;&#x627;&#x626;&#x645; &#x62A;&#x642;&#x646;&#x64A;&#x629; &#x627;&#x644;&#x645;&#x639;&#x644;&#x648;&#x645;&#x627;&#x62A; &#x648;&#x62E;&#x635;&#x635;&#x62A; &#x627;&#x644;&#x645;&#x628;&#x62D;&#x62B; &#x627;&#x644;&#x62B;&#x627;&#x646;&#x649; &#x627;&#x644;&#x62F;&#x631;&#x627;&#x633;&#x629; &#x62E;&#x635;&#x627;&#x626;&#x635; &#x62C;&#x631;&#x627;&#x626;&#x645; &#x62A;&#x642;&#x646;&#x64A;&#x629; &#x627;&#x644;&#x645;&#x639;&#x644;&#x648;&#x645;&#x627;&#x62A; &#x648;&#x627;&#x644;&#x645;&#x62C;&#x631;&#x645; &#x627;&#x644;&#x645;&#x639;&#x644;&#x648;&#x645;&#x627;&#x62A;&#x64A;

&#x648;&#x623;&#x645;&#x627; &#x641;&#x64A; &#x627;&#x644;&#x628;&#x627;&#x628; &#x627;&#x644;&#x623;&#x648;&#x644; &#x641;&#x62A;&#x646;&#x627;&#x648;&#x644;&#x62A; &#x641;&#x64A;&#x647; &#x627;&#x644;&#x628;&#x627;&#x62D;&#x62B;&#x629; : &#x623;&#x62D;&#x643;&#x627;&#x645; &#x627;&#x644;&#x62A;&#x62C;&#x631;&#x64A;&#x645; &#x641;&#x64A; &#x642;&#x627;&#x646;&#x648;&#x646;

&#x645;&#x643;&#x627;&#x641;&#x62D;&#x629; &#x62C;&#x631;&#x627;&#x626;&#x645; &#x62A;&#x642;&#x646;&#x64A;&#x629; &#x627;&#x644;&#x645;&#x639;&#x644;&#x648;&#x645;&#x627;&#x62A; &#x648;&#x630;&#x644;&#x643; &#x641;&#x64A; &#x62B;&#x644;&#x627;&#x62B;&#x629; &#x641;&#x635;&#x648;&#x644; &#x639;&#x631;&#x636;&#x62A; &#x641;&#x64A; &#x627;&#x644;&#x623;&#x648;&#x644; &#x645;&#x646;&#x647;&#x627; &#x627;&#x644;&#x62C;&#x631;&#x627;&#x626;&#x645; &#x627;&#x644;&#x627;&#x639;&#x62A;&#x62F;&#x627;&#x621; &#x639;&#x644;&#x649; &#x623;&#x646;&#x638;&#x645;&#x629; &#x648;&#x62A;&#x642;&#x646;&#x64A;&#x627;&#x62A; &#x627;&#x644;&#x645;&#x639;&#x644;&#x648;&#x645;&#x627;&#x62A; &#x648;&#x62E;&#x635;&#x635;&#x62A; &#x627;&#x644;&#x641;&#x635;&#x644; &#x627;&#x644;&#x62B;&#x627;&#x646;&#x64A; &#x627;&#x644;&#x62F;&#x631;&#x627;&#x633;&#x629; : &#x62C;&#x631;&#x627;&#x626;&#x645; &#x627;&#x644;&#x627;&#x639;&#x62A;&#x62F;&#x627;&#x621; &#x639;&#x644;&#x649; &#x627;&#x644;&#x62D;&#x642; &#x641;&#x64A; &#x627;&#x644;&#x62E;&#x635;&#x648;&#x635;&#x64A;&#x629; &#x648;&#x628;&#x64A;&#x627;&#x646;&#x627;&#x62A; &#x627;&#x644;&#x645;&#x633;&#x62A;&#x62E;&#x62F;&#x645;&#x64A;&#x646; &#x60C; &#x648;&#x639;&#x631;&#x636;&#x62A; &#x641;&#x64A; &#x627;&#x644;&#x641;&#x635;&#x644; &#x627;&#x644;&#x62B;&#x627;&#x644;&#x62B; : &#x62C;&#x631;&#x627;&#x626;&#x645; &#x62D;&#x645;&#x627;&#x64A;&#x629; &#x627;&#x644;&#x623;&#x62C;&#x647;&#x632;&#x629; &#x648;&#x627;&#x644;&#x623;&#x62F;&#x644;&#x629; &#x648;&#x627;&#x644;&#x645;&#x648;&#x627;&#x642;&#x639;.
&#x648;&#x639;&#x642;&#x628; &#x630;&#x644;&#x643; &#x62A;&#x646;&#x627;&#x648;&#x644;&#x62A; &#x627;&#x644;&#x628;&#x627;&#x62D;&#x62B;&#x629; &#x641;&#x64A; &#x62E;&#x627;&#x62A;&#x645;&#x629; &#x627;&#x644;&#x631;&#x633;&#x627;&#x644;&#x629; &#x645;&#x62C;&#x645;&#x648;&#x639;&#x629; &#x645;&#x646; &#x627;&#x644;&#x646;&#x62A;&#x627;&#x626;&#x62C; &#x648;&#x627;&#x644;&#x62A;&#x648;&#x635;&#x64A;&#x627;&#x62A; .</subfield>
  </datafield>
  <datafield tag="520" ind1="3" ind2=" ">
    <subfield code="a">The topic of information laundering crimes is a comparative study divided into an introduction, an introductory chapter, the main chapters, and a conclusion.
The topic of the study was discussed in the introduction, followed by an explanation of the importance of the study and the research methodology, and finally, the study plan.

As for the introductory chapter: the subject of information technology crimes will be discussed in two sections: the first section will define information technology crimes, and the second section will focus on studying the characteristics of information technology crimes and information criminals.

As for the first section, it discusses the criminal provisions in the Law on Combating Information Technology Crimes. It is presented in three chapters: the first chapter covers crimes against information systems and technologies; the second chapter is dedicated to studying crimes against the right to privacy and users' data; and the third chapter covers crimes against the protection of devices, evidence, and locations After that, the discussion at the end of the message was about my results and recommendations.</subfield>
  </datafield>
  <datafield tag="546" ind1=" " ind2=" ">
    <subfield code="a">&#x627;&#x644;&#x646;&#x635; &#x628;&#x627;&#x644;&#x639;&#x631;&#x628;&#x64A;&#x629; &#x648;&#x627;&#x644;&#x645;&#x644;&#x62E;&#x635; &#x628;&#x627;&#x644;&#x644;&#x63A;&#x629; &#x627;&#x644;&#x625;&#x646;&#x62C;&#x644;&#x64A;&#x632;&#x64A;&#x629; &#x648;&#x627;&#x644;&#x639;&#x631;&#x628;&#x64A;&#x629;.</subfield>
  </datafield>
  <datafield tag="650" ind1="0" ind2="4">
    <subfield code="a">&#x627;&#x644;&#x642;&#x627;&#x646;&#x648;&#x646; &#x627;&#x644;&#x62C;&#x646;&#x627;&#x626;&#x64A;</subfield>
  </datafield>
  <datafield tag="653" ind1=" " ind2="0">
    <subfield code="a">&#x628;&#x64A;&#x627;&#x646;&#x627;&#x62A; &#x627;&#x644;&#x645;&#x633;&#x62A;&#x62E;&#x62F;&#x645;&#x64A;&#x646;</subfield>
  </datafield>
  <datafield tag="653" ind1=" " ind2="0">
    <subfield code="a">&#x627;&#x644;&#x62D;&#x642; &#x641;&#x64A; &#x627;&#x644;&#x62E;&#x635;&#x648;&#x635;&#x64A;&#x629;</subfield>
  </datafield>
  <datafield tag="653" ind1=" " ind2="0">
    <subfield code="a">&#x627;&#x644;&#x62D;&#x633;&#x627;&#x628;&#x627;&#x62A; &#x627;&#x644;&#x625;&#x644;&#x643;&#x62A;&#x631;&#x648;&#x646;&#x64A;&#x629;</subfield>
  </datafield>
  <datafield tag="653" ind1=" " ind2="0">
    <subfield code="a">&#x627;&#x644;&#x645;&#x62D;&#x62A;&#x648;&#x649; &#x63A;&#x64A;&#x631; &#x627;&#x644;&#x645;&#x634;&#x631;&#x648;&#x639;</subfield>
  </datafield>
  <datafield tag="653" ind1=" " ind2="0">
    <subfield code="a">&#x627;&#x644;&#x628;&#x631;&#x64A;&#x62F; &#x627;&#x644;&#x625;&#x644;&#x643;&#x62A;&#x631;&#x648;&#x646;&#x649;</subfield>
  </datafield>
  <datafield tag="653" ind1=" " ind2="0">
    <subfield code="a">&#x633;&#x644;&#x627;&#x645;&#x629; &#x627;&#x644;&#x628;&#x64A;&#x627;&#x646;&#x627;&#x62A;</subfield>
  </datafield>
  <datafield tag="653" ind1=" " ind2="0">
    <subfield code="a">&#x627;&#x644;&#x62C;&#x631;&#x627;&#x626;&#x645; &#x627;&#x644;&#x625;&#x644;&#x643;&#x62A;&#x631;&#x648;&#x646;&#x64A;&#x629;</subfield>
  </datafield>
  <datafield tag="653" ind1=" " ind2="0">
    <subfield code="a">&#x646;&#x638;&#x645; &#x627;&#x644;&#x627;&#x62A;&#x635;&#x627;&#x644;&#x627;&#x62A;</subfield>
  </datafield>
  <datafield tag="653" ind1=" " ind2="0">
    <subfield code="a">&#x62A;&#x642;&#x646;&#x64A;&#x629; &#x627;&#x644;&#x645;&#x639;&#x644;&#x648;&#x645;&#x627;&#x62A;</subfield>
  </datafield>
  <datafield tag="655" ind1=" " ind2="4">
    <subfield code="a">&#x631;&#x633;&#x627;&#x626;&#x644; &#x62C;&#x627;&#x645;&#x639;&#x64A;&#x629;</subfield>
    <subfield code="z">&#x62C;&#x627;&#x645;&#x639;&#x629; &#x627;&#x644;&#x642;&#x627;&#x647;&#x631;&#x629;</subfield>
  </datafield>
  <datafield tag="700" ind1="0" ind2=" ">
    <subfield code="a">&#x623;&#x62D;&#x645;&#x62F; &#x639;&#x648;&#x636; &#x628;&#x644;&#x627;&#x644;</subfield>
    <subfield code="e">&#x645;&#x634;&#x631;&#x641;.</subfield>
  </datafield>
  <datafield tag="710" ind1="2" ind2=" ">
    <subfield code="a">&#x62C;&#x627;&#x645;&#x639;&#x629; &#x627;&#x644;&#x642;&#x627;&#x647;&#x631;&#x629;</subfield>
    <subfield code="b">&#x643;&#x644;&#x64A;&#x629; &#x627;&#x644;&#x62D;&#x642;&#x648;&#x642;</subfield>
  </datafield>
  <datafield tag="856" ind1=" " ind2=" ">
    <subfield code="u">https://fll.law.cu.edu.eg/fulltext/th/T10-04327.pdf</subfield>
  </datafield>
  <datafield tag="900" ind1=" " ind2=" ">
    <subfield code="b">2025</subfield>
    <subfield code="U">&#x62C;&#x627;&#x645;&#x639;&#x629; &#x627;&#x644;&#x642;&#x627;&#x647;&#x631;&#x629; </subfield>
    <subfield code="F">&#x643;&#x644;&#x64A;&#x629; &#x627;&#x644;&#x62D;&#x642;&#x648;&#x642;</subfield>
    <subfield code="D">&#x642;&#x633;&#x645; &#x627;&#x644;&#x642;&#x627;&#x646;&#x648;&#x646; &#x627;&#x644;&#x62C;&#x646;&#x627;&#x626;&#x64A;</subfield>
  </datafield>
  <datafield tag="905" ind1=" " ind2=" ">
    <subfield code="a">64</subfield>
  </datafield>
  <datafield tag="942" ind1=" " ind2=" ">
    <subfield code="2">ddc</subfield>
    <subfield code="n">0</subfield>
    <subfield code="c">TH</subfield>
    <subfield code="e">21</subfield>
  </datafield>
  <datafield tag="999" ind1=" " ind2=" ">
    <subfield code="c">64007</subfield>
  </datafield>
  <datafield tag="952" ind1=" " ind2=" ">
    <subfield code="2">ddc</subfield>
    <subfield code="8">&#x627;&#x644;&#x642;&#x627;&#x646;&#x648;&#x646; &#x627;&#x644;&#x62C;&#x646;&#x627;&#x626;&#x64A;</subfield>
    <subfield code="9">68033</subfield>
    <subfield code="a">CU</subfield>
    <subfield code="b">LAW1</subfield>
    <subfield code="d">2026-02-22</subfield>
    <subfield code="o">Law1 10 PHD 2025 1004327 C1</subfield>
    <subfield code="p">T10-04327</subfield>
    <subfield code="r">2026-02-22 12:27:43</subfield>
    <subfield code="t">1</subfield>
    <subfield code="w">2026-02-22</subfield>
    <subfield code="y">TH</subfield>
  </datafield>
  <datafield tag="952" ind1=" " ind2=" ">
    <subfield code="2">ddc</subfield>
    <subfield code="8">&#x627;&#x644;&#x642;&#x627;&#x646;&#x648;&#x646; &#x627;&#x644;&#x62C;&#x646;&#x627;&#x626;&#x64A;</subfield>
    <subfield code="9">68034</subfield>
    <subfield code="a">CU</subfield>
    <subfield code="b">LAW1</subfield>
    <subfield code="d">2026-02-22</subfield>
    <subfield code="o">Law1 10 PHD 2025 1004328 C2</subfield>
    <subfield code="p">T10-04328</subfield>
    <subfield code="r">2026-02-22 12:27:00</subfield>
    <subfield code="t">2</subfield>
    <subfield code="w">2026-02-22</subfield>
    <subfield code="y">TH</subfield>
  </datafield>
  <datafield tag="952" ind1=" " ind2=" ">
    <subfield code="2">ddc</subfield>
    <subfield code="8">&#x627;&#x644;&#x642;&#x627;&#x646;&#x648;&#x646; &#x627;&#x644;&#x62C;&#x646;&#x627;&#x626;&#x64A;</subfield>
    <subfield code="9">68035</subfield>
    <subfield code="a">CU</subfield>
    <subfield code="b">LAW2</subfield>
    <subfield code="d">2026-02-22</subfield>
    <subfield code="o">Law2 10 PHD 2025 1004329 C3</subfield>
    <subfield code="p">T10-04329</subfield>
    <subfield code="r">2026-02-22 12:27:00</subfield>
    <subfield code="t">3</subfield>
    <subfield code="w">2026-02-22</subfield>
    <subfield code="y">TH</subfield>
  </datafield>
</record>
